000 00882nam a22002057a 4500
003 BD-DhUL
005 20170517145203.0
008 160828s2004 ii a|||| |||| 00| 0 ben |
020 _a8185383421
040 _cBD-DhUL
_dBD-DhUL
_dBD-DhUL
082 _a891.444
_bNAS
100 1 _aনাসরিন, তসলিমা ।
245 1 0 _aসেইসব অন্ধকার :
_bআমার মেয়েবেলা, খণ্ড ৪ /
_cতসলিমা নাসরিন ।
260 _aকলিকাতা:
_bপিপলস্ বুক সোসাইটি,
_c২০০৪ ।
300 _aখ. ;
_c২২সেমি ।
504 _aনির্ঘন্ট ও গ্রন্থপজ্ঞীগত ত্তথ্য সংবলিত
650 0 _vবাংলা সাহিত্য ।
650 0 _aBangla literature.
942 _2ddc
_cBK
999 _c198591
_d198591